| 000 | 01262nam a22002297a 4500 | ||
|---|---|---|---|
| 999 |
_c8907 _d8907 |
||
| 003 | AR-CdUCM | ||
| 008 | 190326b ||||| |||| 00| 0 spa d | ||
| 040 |
_aMUNICIPALIDAD PROVINCIAL DEL CUSCO _cBIBLIOTECA MUNICIPAL DEL CUSCO |
||
| 082 |
_a036.02 / _bG92 |
||
| 110 |
_aGente -- La gran revista del Perú _924746 |
||
| 245 |
_aGuinness: _bEnciclopedia de las respuestas / |
||
| 260 |
_aLima : _bGente - La gran revista del Perú, _c1992. |
||
| 300 |
_a20 tomos ; _bIlustraciones, mapas, graficos, cuadros, dibujos, _c18 cm. |
||
| 500 | _aTomo 24: estado dañado la tapa del encuadernado esta borroso para taller Tomo 10: estado dañado la tapa del encuadernado esta borroso para taller | ||
| 505 | _aContenido: t.1. La tierra -- t.2. Geología y clima -- t.3. El mundo vivo -- t.4. El cuerpo humano -- t.5. El hombre -- t.6. El calendario -- t.7. Lenguas y literatura -- t.8. Artes 1 -- t10. Religiones y filosofia -- t.12. Astronomía -- t.13. Matemáticas -- t.15. Física y química -- t.16. Deportes -- t.17. Europa Occidental -- t.20. Centro y Sudamérica -- t.24. Africa 2 | ||
| 650 |
_aMiscelanias _924747 |
||
| 650 |
_aEnciclopedias _96681 |
||
| 650 |
_aCuriosidades _924748 |
||
| 650 |
_aMaravillas _924749 |
||
| 942 |
_2ddc _cLIBROS |
||
| 945 | _apjha | ||